Schweizer Kantone nach Grenzen - Statistiken

Allgemein
  • Dieses Quiz wurde 311 mal gespielt
  • Das Durchschnittsergebnis liegt bei 15 aus 17
Antwortstatistiken
Angrenzende Kantone und Länder Gesuchter Kanton % Korrekt
Waadt | Frankreich Genf
98%
St. Gallen | Appenzell-Innerrhoden Appenzell-Ausserrhoden
96%
Graubünden | Italien | Wallis | Uri Tessin
94%
Deutschland | Thurgau | Zürich Schaffhausen
92%
Bern | Waadt | Neuenburg Freiburg
89%
St. Gallen | Österreich | Italien | Tessin | Uri | Glarus Graubünden
89%
Frankreich | Basel-Landschaft | Solothurn | Bern Jura
89%
Schaffhausen | Deutschland | Thurgau | St. Gallen | Schwyz | Zug | Aargau Zürich
88%
Deutschland | Basel-Landschaft Basel-Stadt
86%
Nidwalden | Uri | Bern | Luzern Obwalden
86%
Bern | Uri | Tessin | Italien | Frankreich | Waadt Wallis
86%
Deutschland | Österreich | St. Gallen | Zürich | Schaffhausen Thurgau
84%
Frankreich | Jura | Bern | Freiburg | Waadt Neuenburg
83%
Zürich | Schwyz | Luzern | Aargau Zug
83%
Deutschland | Zürich | Zug | Luzern | Bern | Solothurn | Basel-Landschaft Aargau
82%
St. Gallen | Graubünden | Uri | Schwyz Glarus
82%
Aargau | Solothurn | Jura | Deutschland | Basel-Stadt Basel-Landschaft
80%
Keine übereinstimmenden Quizze gefunden
Verteilung der Resultate
Anzahl Personen mit jedem Resultat
Perzentil nach korrekt beantworteten Fragen
Ihre Resultats-Entwicklung
Sie haben dieses Quiz noch nicht gespielt